| 000 | 00584nam a22001817a 4500 | ||
|---|---|---|---|
| 010 | _aENG-139450 | ||
| 020 |
_a9788186772560 _c2395.00 |
||
| 035 | _aEN-122982 | ||
| 037 | _bDBAD/PUB | ||
| 082 | _a910.285 | ||
| 245 |
_aGeospatial Technology / _cedited by S. Vasudevan, G. Ramesh [and] T. Ramkumar |
||
| 260 |
_aNew Delhi _bNew Academic Publishers _c2013 |
||
| 270 |
_a4760-61,23, Ansari Road Daryaganj, _bNew Delhi _e110002 |
||
| 300 |
_a256p.: _bill. _c25cm(Hb) |
||
| 700 |
_aG. Ramesh _962528 |
||
| 700 |
_aT. Ramkumar _962529 |
||
| 942 |
_2ddc _cEN _h910.285 _mGEO |
||
| 999 |
_c201063 _d201063 |
||